Cyber spying (Record no. 176737)

000 -LEADER
fixed length control field 00386nam a2200133Ia 4500
008 - FIXED-LENGTH DATA ELEMENTS--GENERAL INFORMATION
fixed length control field 220217s9999||||xx |||||||||||||| ||und||
020 ## - INTERNATIONAL STANDARD BOOK NUMBER
International Standard Book Number 81-7366-996-1
082 ## - DEWEY DECIMAL CLASSIFICATION NUMBER
Classification number 004.68 FAI
100 ## - MAIN ENTRY--PERSONAL NAME
Personal name Fair, Ted. Nordfelt, Michael. Ring, Sandra. and Cole, Eric
9 (RLIN) 5666
245 #0 - TITLE STATEMENT
Title Cyber spying
260 ## - PUBLICATION, DISTRIBUTION, ETC.
Place of publication, distribution, etc. Shroff publishers and dis. Pvt.
Name of publisher, distributor, etc. Mumbai
Date of publication, distribution, etc. 2005
300 ## - PHYSICAL DESCRIPTION
Other physical details 475
650 ## - SUBJECT ADDED ENTRY--TOPICAL TERM
Topical term or geographic name entry element WWW
Holdings
Withdrawn status Lost status Damaged status Not for loan Collection code Home library Current library Shelving location Date acquired Full call number Barcode Date last seen Price effective from Koha item type
        Computer Science and Engineering Central Library Central Library Book Cart 02/18/2022 004.68 FAI 11926 02/18/2022 02/18/2022 Books

Powered by Koha